Cliquez sur la bonne traduction en russe - Les couleurs - Statistiques

Statistiques générales
  • Ce quiz a été pris 35 fois
  • Le résultat moyen est 7 sur 11
Statistiques - réponses
Hint Réponse % Correct
Rose розовый
72%
Blanc белый
64%
Marron коричневый
64%
Rouge красный
60%
Bleu синий
60%
Violet фиолетовый
60%
Orange оранжевый
56%
Jaune жёлтый
56%
Gris серый
56%
Vert зелёный
56%
Noir чёрный
56%
Aucun quiz correspondant
Distribution des résultats
% des personnes avec chaque résultat
Percentile par nombre de réponses
Votre historique - résultats
Vous n’avez pas pris ce quiz